000
00215 a2200097 4500
001
27336
100
_a
Ahmed, S
245
_a
Law and constitution
260
_a
_b
Cultural Heritage Service
_c
090
_c
18162
_d
18162
942
_a
NUST-CAE
_c
M
_c
9072
999
_c
262409
_d
262409